000
00321nam a2200145Ia 4500
003
OSt
008
191201s2008 xx 000 0 und d
082
_a
658.848
_b
SRI
100
_a
SRINIVASAN, R
245
0
_a
International Marketing
260
_a
N. Delhi
_b
PHI
_c
2008
300
_a
231
650
_a
BBA
942
_2
ddc
_c
BK
999
_c
6570
_d
6570